1055 1773 1748 1269 1947 1249 1823 1330 1116 1675 1804 1848 1983 1918 1704 1384 1653 1229 1359 1682 1539 1614 1417 1073 1684 1391 1351 1809 1482 1942 1032 1945 1482 1086 1673 1146 1698 1573 1704 1649 1394 1876 1279 1078 1411 1947 1346 1128 1064 1669 1983 1949 1576 1796 1168 1667 1484 1308 1226 1525 1407 1080 1362 1580 1424 1163 1064 1086 1633 1920 1326 1364 1128 1574 1059 1992 1570 1218 1280 1358 1048 1110 1633 1753 1079 1067 1258 1216 1103 1741 1890 1629 1804 1391 1647 1788 1270 1808 1096 BCNSPRNW ULIB Ver.6.0+V

เปลี่ยนเป็นภาษาไทย

Change to English
 แสดงรายละเอียดบรรณานุกรม
  กลับหน้าหลัก

Brief Record : Get Marc (ISO 2709) : E-mail record : QR code < ปิดหน้าต่าง
LEADER : 00000nam 2200000uu 4500
001    13399108837
003     ULIB
008    110315s2550||||th 000 0 tha d
024    9789744223715
060  4 WY105^b293บ 2550
110 1  สมาคมเวชศาสตร์ฉุกเฉินแห่งประเทศไทย และศูนย์กู้ชีพ"นเรนทร" โรงพยาบาลราชวิถี
245 00 บทบาทพยาบาลฉุกเฉิน ปัจจุบันและอนาคต=^bRoles of emergency nurse : today and tomorrow^cสมาคมเวชศาสตร์ฉุกเฉินแห่งประเทศไทย และศูนย์กู้ชีพ"นเรนทร" โรงพยาบาลราชวิถี
246 0  การประชุมวิชาการ เวชศาสตร์ฉุกเฉิน ครั้งที่ 7 บทบาทพยาบาลฉุกเฉิน ปัจจุบันและอนาคต วันที่ 23-27 กรกฎาคม 2550 ณ โรงพยาบาลราชวิถี ^cโดย
260    กรุงเทพฯ :^bN P Press Limited Partnership^c2550
300    174 หน้า^bภาพประกอบ
650  7 เวชศาสตร์ฉุกเฉิน
650  7 การพยาบาลฉุกเฉิน
650  7 ระบบบริการการแพทย์ฉุกเฉิน
710 1  สมาคมเวชศาสตร์ฉุกเฉินแห่งประเทศไทย และศูนย์กู้ชีพ"นเรนทร" โรงพยาบาลราชวิถี
945    ^p0^l0^i029190
995    เกษร
999 ^a ใช้งานได้ทุกระบบ
รายการนี้ยังไม่มีแท็ก
คุณยังไม่ได้ล็อกอิน คุณสามารถมีกิจกรรมร่วมกับเว็บไซต์ได้ แต่ต้องล็อกอินก่อน ::
  ล็อกอิน

รายการสื่อสารสนเทศ

ลำดับที่ ประเภท เลขเรียก/บาร์โค้ด สถานที่ สถานะ
- ไม่พบข้อมูล -

รายการใกล้เคียง
    หัวเรื่อง [เวชศาสตร์ฉุกเฉิน]
    หัวเรื่อง [การพยาบาลฉุกเฉิน]

BibComment


ยังไม่เคยถูกคอมเมนท์

คอมเมนท์ทรัพยากรรายการนี้
  คอมเมนท์: บทบาทพยาบาลฉุกเฉิ..


 Copyright 2026. Bcnsprnw @Library